| 000 | 01306nam a22002897a 4500 | ||
|---|---|---|---|
| 999 |
_c6647 _d6647 |
||
| 003 | OSt | ||
| 005 | 20200311135058.0 | ||
| 008 | 200311s1962 ag a|||fr|||| 00| 0 spa d | ||
| 040 |
_aCO-JMCR _cCO-JMCR |
||
| 041 | 1 | 0 |
_aspa _hYo |
| 082 | 0 | 4 |
_a153.93 / _bH656c |
| 100 | 1 |
_aHiltman, Hildergard, _eautor _91410 |
|
| 245 | 1 | 0 |
_aCompendio de los tests psicodiagnósticos / _cHildegard Hiltmann ; traducción de Juan Jorge Thomas ; prólogo y revisión de Emilio Mira y López |
| 260 |
_aBuenos Aires : _bEditorial Kapelusz, _c1962 |
||
| 300 |
_axiv, 190 páginas : _bilustraciones a blanco y negro ; _c21 cm. |
||
| 490 | 0 | _aBiblioteca de psicología contemporánea | |
| 500 | _aIncluye notas a pie de página. | ||
| 500 | _aTítulo original: Kompendium der psychodiagnostischen test | ||
| 505 | 0 | _aTest de rendimiento -- Tests evolutivos -- Test de madurez escolar -- Test de intereses -- Cuestionarios de personalidad -- Test de despliegue (proyección) -- Métodos varios | |
| 546 | _aTraducido del alemán | ||
| 650 | 1 | 4 |
_aMedición de rendimientos _xtest _91411 |
| 650 | 1 | 4 |
_aDiagnósticos de rendimiento _xtest _91412 |
| 650 | 1 | 4 |
_aCuestionamiento de personalidad _91413 |
| 700 | 1 |
_aThomas, Juan Jorge, _etraductor _91414 |
|
| 700 | 1 |
_aMira y López, Emilio, _eprologuista _91415 |
|
| 942 |
_2ddc _cBK |
||